000 00249 a2200097 4500
001 38764
100 _aS M Ahmad
245 _alucky pilot; memoirs of Retired Wing Commander Lanky Ahmad
260 _aLahore
_bFerozsons
_c2001
090 _c24582
_d24582
942 _aNUST-CAE
_cM
_c16205
999 _c273837
_d273837